| 000 | 01054cam a2200373 i 4500 | ||
|---|---|---|---|
| 001 | 200468134 | ||
| 003 | TR-AnTOB | ||
| 005 | 20260416091046.0 | ||
| 007 | ta | ||
| 008 | 260416t19701970nyu b 000 0 eng | ||
| 010 | _a 2023657855 | ||
| 035 | _a23857260 | ||
| 035 | _a(TR-AnTOB)200468134 | ||
| 040 |
_aDLC _beng _erda _cDLC _dTR-AnTOB |
||
| 041 | 0 | _aeng | |
| 043 | _an-us--- | ||
| 050 | 0 | 4 |
_aHN59 _b.R453 1970 |
| 090 |
_aHN59 _b.R453 1970 |
||
| 100 | 1 |
_aReich, Charles A. _eauthor _4aut _9153696 |
|
| 245 | 1 | 4 |
_aThe greening of America / _cCharles A. Reich. |
| 264 | 1 |
_aNew York : _bRandom House, _c[1970] |
|
| 264 | 4 | _c©1970 | |
| 300 |
_a399 pages ; _c22 cm |
||
| 336 |
_atext _btxt _2rdacontent |
||
| 337 |
_aunmediated _bn _2rdamedia |
||
| 338 |
_avolume _bnc _2rdacarrier |
||
| 504 | _aBIB | ||
| 650 | 0 |
_aYoung adults _zUnited States _9153697 |
|
| 650 | 0 |
_aYouth _zUnited States _9153698 |
|
| 651 | 0 |
_aUnited States _xSocial conditions _y1960-1980 _9153699 |
|
| 942 |
_2lcc _cBK |
||
| 999 |
_c200468134 _d86346 |
||